1567 1946 1588 1724 1841 1511 1086 1912 1842 1762 1186 1182 1713 1698 1414 1031 1484 1271 1190 1485 1866 1690 1597 1018 1422 1436 1223 1716 1050 1404 1094 1446 1413 1651 1713 1634 1131 1531 1927 1166 1329 1957 1220 1488 1086 1736 1328 1759 1901 1345 1544 1192 1303 1403 1272 1578 1172 1153 1206 1663 1533 1474 1582 1603 1642 1095 1927 1862 1011 1459 1836 1884 1571 1400 1678 1069 1462 1073 1776 1526 1624 1605 1910 1781 1733 1204 1276 1575 1124 1624 1037 1014 1236 1543 1763 1430 1690 1937 1502 BCNSPRNW ULIB Ver.6.0+V

เปลี่ยนเป็นภาษาไทย

Change to English
 แสดงรายละเอียดบรรณานุกรม
  กลับหน้าหลัก

Brief Record : Get Marc (ISO 2709) : E-mail record : QR code < ปิดหน้าต่าง
LEADER : 00000nam 2200000uu 4500
001    13399123526
003     ULIB
008    141003s2556||||th 000 0 tha d
020    ^a9786165516785
060  0 ^aWS310^bบ686A
100 0  ^aบุษบา วิวัฒน์เวคิน,^eบรรณาธิการ
245 00 ^aAtlas of pediatric gastroenterology/^cบรรณาธิการโดย บุษบา วิวัฒน์เวคิน
260    ^aกรุงเทพฯ:^bภาควิชากุมารเวชศาสตร์ คณะแพทยศาสตร์ จุฬาลงกรณ์มหาวิทยาลัย,^c2556.
300    ^a205 หน้า
650  0 ^aGastroenterology^xAtlas
650  0 ^aระบบทางเดินอาหารและลำไส้^xในวัยทารกและวัยเด็ก
945    ^p800^l0^i20990
945    ^p800^l0^i20991
945    ^p800^l0^i20992
945    ^p800^l0^i20993
945    ^p800^l0^i20994
999    ^aทศพร เกษรทอง
รายการนี้ยังไม่มีแท็ก
คุณยังไม่ได้ล็อกอิน คุณสามารถมีกิจกรรมร่วมกับเว็บไซต์ได้ แต่ต้องล็อกอินก่อน ::
  ล็อกอิน

รายการสื่อสารสนเทศ

ลำดับที่ ประเภท เลขเรียก/บาร์โค้ด สถานที่ สถานะ
1. วิทยาศาสตร์การแพทย์ และสุขภาพ
หนังสือสำรอง
สถานะ=หนังสือสำรอง
WS310 บ686A ฉ.1 
  Barcode: 20990
ห้องสมุดวิทยาเขตนครสวรรค์
►หนังสือทั่วไป:l:General Books
บนชั้น
2. วิทยาศาสตร์การแพทย์ และสุขภาพ
วิทยาศาสตร์การแพทย์ และสุขภาพ
WS310 บ686A ฉ.2 
  Barcode: 20991
ห้องสมุดวิทยาเขตนครสวรรค์
►หนังสือทั่วไป:l:General Books
บนชั้น
3. วิทยาศาสตร์การแพทย์ และสุขภาพ
วิทยาศาสตร์การแพทย์ และสุขภาพ
WS310 บ686A ฉ.3 
  Barcode: 20992
ห้องสมุดวิทยาเขตนครสวรรค์
►หนังสือทั่วไป:l:General Books
บนชั้น
4. วิทยาศาสตร์การแพทย์ และสุขภาพ
วิทยาศาสตร์การแพทย์ และสุขภาพ
WS310 บ686A ฉ.4 
  Barcode: 20993
ห้องสมุดวิทยาเขตนครสวรรค์
►หนังสือทั่วไป:l:General Books
บนชั้น
5. วิทยาศาสตร์การแพทย์ และสุขภาพ
วิทยาศาสตร์การแพทย์ และสุขภาพ
WS310 บ686A ฉ.5 
  Barcode: 20994
ห้องสมุดวิทยาเขตนครสวรรค์
►หนังสือทั่วไป:l:General Books
บนชั้น

BibComment


ยังไม่เคยถูกคอมเมนท์

คอมเมนท์ทรัพยากรรายการนี้
  คอมเมนท์: Atlas of pediatr..


 Copyright 2026. Bcnsprnw @Library